[Event "DVM U10 2016"]
[Site "Magdeburg GER"]
[Date "2016.12.29"]
[Round "7"]
[White "Schiffner, Robin"]
[Black "Willberg, Marek"]
[Result "0-1"]
[Termination "normal"]
[Board "6.2"]
[WhiteElo "1324"]
[BlackElo "1060"]
[WhiteClock "00:14:23"]
[BlackClock "00:09:58"]
[WhiteTeam "USC Magdeburg"]
[BlackTeam "BSG Grün-Weiß Leipzig"]
[PlyCount "80"]
[WhiteFideId "16210328"]
[BlackFideId "16224027"]
[EventCountry "GER"]
[EventRounds "7"]
[EventType "team-swiss"]
[EventDate "2016.12.27"]

1. e4 {[%clk 0:59:58]} e5 {[%clk 0:59:58]} 2. Nf3 {[%clk 0:59:50]} Nc6 {[%clk
0:59:52]} 3. Bb5 {[%clk 0:59:40]} Bc5 {[%clk 0:59:42]} 4. c3 {[%clk 0:59:29]}
Nf6 {[%clk 0:59:06]} 5. d3 {[%clk 0:59:15]} h6 {[%clk 0:58:32]} 6. O-O {[%clk
0:58:58]} O-O {[%clk 0:58:07]} 7. Re1 {[%clk 0:58:34]} a6 {[%clk 0:56:31]} 8.
Bxc6 {[%clk 0:58:19]} dxc6 {[%clk 0:56:14]} 9. Nxe5 {[%clk 0:58:01]} Qd6 {[%clk
0:52:21]} 10. d4 {[%clk 0:56:19]} Bb6 {[%clk 0:51:40]} 11. Nd2 {[%clk 0:54:41]}
c5 {[%clk 0:46:54]} 12. Nec4 {[%clk 0:53:07]} Qc6 {[%clk 0:43:01]} 13. Nxb6
{[%clk 0:51:22]} Qxb6 {[%clk 0:41:52]} 14. d5 {[%clk 0:49:32]} Bd7 {[%clk
0:40:00]} 15. e5 {[%clk 0:45:48]} Nxd5 {[%clk 0:37:18]} 16. Nc4 {[%clk
0:45:08]} Qe6 {[%clk 0:37:02]} 17. Qd3 {[%clk 0:40:59]} Bb5 {[%clk 0:35:40]}
18. Be3 {[%clk 0:37:04]} Nxe3 {[%clk 0:32:10]} 19. Rxe3 {[%clk 0:36:54]} Bxc4
{[%clk 0:31:52]} 20. Qe4 {[%clk 0:36:13]} Bd5 {[%clk 0:30:16]} 21. Qd3 {[%clk
0:34:44]} Rad8 {[%clk 0:29:05]} 22. Rd1 {[%clk 0:33:58]} Bxa2 {[%clk 0:21:17]}
23. Qxd8 {[%clk 0:33:48]} Rxd8 {[%clk 0:21:08]} 24. Rxd8+ {[%clk 0:33:39]} Kh7
{[%clk 0:21:05]} 25. Rb8 {[%clk 0:31:16]} Bd5 {[%clk 0:20:24]} 26. f4 {[%clk
0:29:59]} Qf5 {[%clk 0:19:06]} 27. g3 {[%clk 0:27:54]} Qb1+ {[%clk 0:18:36]}
28. Kf2 {[%clk 0:27:32]} Qxb2+ {[%clk 0:18:14]} 29. Ke1 {[%clk 0:26:43]} Qc1+
{[%clk 0:17:06]} 30. Kf2 {[%clk 0:25:32]} Qd2+ {[%clk 0:16:38]} 31. Re2 {[%clk
0:24:54]} Qxc3 {[%clk 0:16:07]} 32. Rd8 {[%clk 0:23:56]} Bc4 {[%clk 0:14:29]}
33. Red2 {[%clk 0:21:34]} Kg6 {[%clk 0:13:25]} 34. R2d7 {[%clk 0:20:10]} b5
{[%clk 0:12:30]} 35. Rxc7 {[%clk 0:18:23]} b4 {[%clk 0:12:12]} 36. Rd6+ {[%clk
0:16:35]} Kh7 {[%clk 0:11:45]} 37. Rb6 {[%clk 0:15:41]} b3 {[%clk 0:11:27]} 38.
Rcb7 {[%clk 0:15:28]} Bb5 {[%clk 0:11:05]} 39. Rxf7 {[%clk 0:15:05]} Qc2+
{[%clk 0:10:27]} 40. Kf3 {[%clk 0:14:23]} Qe2# {[%clk 0:09:58]} 0-1

[Event "DVM U10 2016"]
[Site "Magdeburg GER"]
[Date "2016.12.29"]
[Round "7"]
[White "Schulz, Leonard"]
[Black "Herter, Arne"]
[Result "0-1"]
[Termination "normal"]
[Board "6.3"]
[WhiteElo "1119"]
[BlackElo "1114"]
[WhiteTeam "BSG Grün-Weiß Leipzig"]
[BlackTeam "USC Magdeburg"]
[PlyCount "170"]
[BlackFideId "16255372"]
[EventCountry "GER"]
[EventRounds "7"]
[EventType "team-swiss"]
[EventDate "2016.12.27"]

1. e4 e5 2. Nf3 Nc6 3. Bc4 Nf6 4. Nc3 Bb4 5. d3 d5 6. exd5 Nxd5 7. Bd2 Nf6 8.
a3 Bc5 9. O-O O-O 10. b4 Bd4 11. Rb1 Re8 12. Ne4 Bg4 13. c3 Bb6 14. Bg5 h6 15.
Bxf6 gxf6 16. Re1 f5 17. Nc5 Bxc5 18. bxc5 e4 19. h3 exf3 20. hxg4 fxg2 21.
gxf5 Qg5 22. Qf3 Kh8 23. Qxg2 Qxf5 24. Bb5 Rg8 25. Qxg8+ Rxg8+ 26. Kf1 Qxc5 27.
Bc4 Ne5 28. Rb5 Qxa3 29. Rexe5 Qxc3 30. Re3 b6 31. Bxf7 Rg7 32. Bc4 h5 33.
Rxh5+ Rh7 34. Re8+ Kg7 35. Re7+ Kg6 36. Rhxh7 a5 37. Rxc7 Qc1+ 38. Kg2 Qg5+ 39.
Kf1 Qd2 40. Rhg7+ Kf5 41. Rcf7+ Ke5 42. Rg6 Qd1+ 43. Kg2 a4 44. Re6+ Kd4 45.
Rd7+ Kc3 46. Ba2 Kd2 47. f3 b5 48. Kf2 Qa1 49. Re2+ Kc3 50. Rc7+ Kb4 51. Re4+
Ka3 52. Re2 Qd4+ 53. Kf1 Qxd3 54. Rcc2 Qxf3+ 55. Ke1 b4 56. Kd1 b3 57. Rcd2
bxa2 58. Rxa2+ Kb4 59. Kc1 Qc3+ 60. Kd1 Qb3+ 61. Ke1 Qc3+ 62. Kf2 a3 63. Kf1
Qc1+ 64. Kf2 Kb3 65. Re3+ Qxe3+ 66. Kxe3 Kxa2 67. Kd2 Kb2 68. Ke3 a2 69. Ke4
a1=Q 70. Kd5 Qe1 71. Kd4 Qe2 72. Kd5 Qe3 73. Kc4 Qd2 74. Kc5 Qd3 75. Kc6 Qd4
76. Kb5 Qc3 77. Kb6 Qc4 78. Kb7 Qc5 79. Ka6 Qb4 80. Ka7 Qb5 81. Ka8 Kc3 82. Ka7
Kc4 83. Ka8 Kc5 84. Ka7 Kc6 85. Ka8 Qb7# 0-1

[Event "DVM U10 2016"]
[Site "Magdeburg GER"]
[Date "2016.12.29"]
[Round "7"]
[White "Hostmann, Henning"]
[Black "Ngucaj, Paul"]
[Result "0-1"]
[Termination "normal"]
[Board "6.4"]
[WhiteElo "1022"]
[BlackElo "993"]
[WhiteClock "00:26:50"]
[BlackClock "00:27:54"]
[WhiteTeam "USC Magdeburg"]
[BlackTeam "BSG Grün-Weiß Leipzig"]
[PlyCount "116"]
[WhiteFideId "16255380"]
[EventCountry "GER"]
[EventRounds "7"]
[EventType "team-swiss"]
[EventDate "2016.12.27"]

1. e4 {[%clk 0:59:57]} e5 {[%clk 0:59:55]} 2. Nf3 {[%clk 0:59:43]} Nc6 {[%clk
0:59:51]} 3. Bc4 {[%clk 0:59:36]} Bc5 {[%clk 0:59:49]} 4. d3 {[%clk 0:59:20]}
d6 {[%clk 0:59:41]} 5. Bg5 {[%clk 0:59:14]} Nf6 {[%clk 0:59:21]} 6. Nc3 {[%clk
0:59:02]} h6 {[%clk 0:59:06]} 7. Be3 Bb6 8. Qd2 {[%clk 0:58:33]} Be6 {[%clk
0:58:53]} 9. Bb3 {[%clk 0:58:26]} Qd7 {[%clk 0:57:21]} 10. Nd5 {[%clk 0:57:27]}
Bxd5 {[%clk 0:48:23]} 11. Bxd5 {[%clk 0:57:06]} Nxd5 {[%clk 0:47:29]} 12. exd5
Ne7 13. c4 {[%clk 0:55:04]} Qa4 {[%clk 0:46:37]} 14. b3 {[%clk 0:53:33]} Qa3
{[%clk 0:46:18]} 15. O-O {[%clk 0:52:48]} Ba5 {[%clk 0:45:02]} 16. Qe2 {[%clk
0:51:20]} Nf5 {[%clk 0:42:30]} 17. Bc1 {[%clk 0:50:21]} Qc5 {[%clk 0:41:23]}
18. a3 {[%clk 0:49:20]} Nd4 {[%clk 0:38:59]} 19. Nxd4 Qxd4 20. Bb2 Bc3 21. Bxc3
Qxc3 22. b4 O-O 23. f4 {[%clk 0:44:51]} exf4 {[%clk 0:38:05]} 24. Rxf4 Qxa1+
25. Rf1 {[%clk 0:43:39]} Rae8 {[%clk 0:36:07]} 26. Qf3 {[%clk 0:42:32]} Re1
{[%clk 0:35:35]} 27. g4 {[%clk 0:40:18]} Rxf1+ {[%clk 0:35:27]} 28. Qxf1 Qxf1+
29. Kxf1 {[%clk 0:39:55]} Re8 {[%clk 0:35:17]} 30. Kf2 {[%clk 0:39:42]} c5
{[%clk 0:35:07]} 31. dxc6 {[%clk 0:38:53]} bxc6 32. a4 Rb8 {[%clk 0:35:02]} 33.
b5 {[%clk 0:38:43]} cxb5 {[%clk 0:34:55]} 34. axb5 {[%clk 0:37:48]} a6 {[%clk
0:34:36]} 35. bxa6 {[%clk 0:37:26]} Ra8 {[%clk 0:34:31]} 36. Ke3 {[%clk
0:37:05]} Rxa6 {[%clk 0:34:25]} 37. Kd4 {[%clk 0:36:58]} Ra5 {[%clk 0:34:07]}
38. Ke4 {[%clk 0:36:44]} Re5+ {[%clk 0:33:14]} 39. Kd4 {[%clk 0:35:51]} f5
{[%clk 0:32:50]} 40. gxf5 {[%clk 0:35:22]} Rxf5 {[%clk 0:32:34]} 41. Ke4 {[%clk
0:35:01]} Rh5 {[%clk 0:32:21]} 42. d4 {[%clk 0:34:55]} Kf7 {[%clk 0:32:11]} 43.
h3 {[%clk 0:34:41]} Rxh3 {[%clk 0:31:40]} 44. Kd5 Ke7 45. c5 {[%clk 0:34:14]}
Rh5+ {[%clk 0:31:01]} 46. Kc6 {[%clk 0:33:53]} dxc5 {[%clk 0:30:35]} 47. dxc5
{[%clk 0:33:43]} Rf5 {[%clk 0:28:26]} 48. Kb6 {[%clk 0:33:11]} Rf6+ {[%clk
0:28:19]} 49. c6 g5 50. Kb7 {[%clk 0:31:31]} Rf7 {[%clk 0:28:12]} 51. c7 {[%clk
0:29:18]} Kd6 {[%clk 0:27:58]} 52. Kb6 {[%clk 0:28:24]} Rxc7 {[%clk 0:27:54]}
53. Kb5 g4 54. Kb4 g3 55. Kb3 g2 56. Kb2 g1=Q 57. Ka2 Qb6 58. Ka3 {[%clk
0:26:50]} Ra7# 0-1

[Event "DVM U10 2016"]
[Site "Magdeburg GER"]
[Date "2016.12.29"]
[Round "7"]
[White "Korek, Jakob Alexander"]
[Black "Atze, Reinhard"]
[Result "1-0"]
[Termination "normal"]
[Board "7.1"]
[WhiteElo "1193"]
[BlackElo "1169"]
[WhiteTeam "Schachpinguine Berlin"]
[BlackTeam "SK König Plauen"]
[PlyCount "103"]
[WhiteFideId "16240022"]
[BlackFideId "12995665"]
[EventCountry "GER"]
[EventRounds "7"]
[EventType "team-swiss"]
[EventDate "2016.12.27"]

1. e4 e5 2. Nf3 Nc6 3. Bc4 Nf6 4. d4 exd4 5. O-O Nxe4 6. Re1 d5 7. Bxd5 Qxd5 8.
Nc3 Qa5 9. Nxe4 Be6 10. Neg5 Qd5 11. Nxe6 fxe6 12. Nxd4 Nxd4 13. c3 O-O-O 14.
cxd4 Qxd4 15. Bg5 Qxd1 16. Rexd1 Rxd1+ 17. Rxd1 Bc5 18. Bf4 Rf8 19. Bg3 e5 20.
Rd2 e4 21. Re2 Re8 22. Rc2 Bb6 23. Re2 Rd8 24. h3 Re8 25. Bf4 h6 26. h4 Bd4 27.
a3 Bf6 28. Rc2 a6 29. g3 Bd4 30. Re2 Bf6 31. b3 g5 32. hxg5 Bxg5 33. Bxg5 hxg5
34. f3 e3 35. Kg2 Kd7 36. f4 gxf4 37. gxf4 Rf8 38. Kf3 Re8 39. Rxe3 Rxe3+ 40.
Kxe3 Ke6 41. Ke4 c5 42. f5+ Kf6 43. Kd5 b6 44. Ke4 a5 45. a4 Ke7 46. Ke5 Kd7
47. f6 Ke8 48. Ke6 b5 49. axb5 a4 50. b6 Kd8 51. f7 Kc8 52. f8=Q+ 1-0

[Event "DVM U10 2016"]
[Site "Magdeburg GER"]
[Date "2016.12.29"]
[Round "7"]
[White "Elstner, Florian"]
[Black "Gorodezki, Andrey"]
[Result "1-0"]
[Termination "normal"]
[Board "7.2"]
[WhiteElo "1197"]
[BlackElo "1085"]
[WhiteTeam "SK König Plauen"]
[BlackTeam "Schachpinguine Berlin"]
[PlyCount "63"]
[WhiteFideId "16247264"]
[EventCountry "GER"]
[EventRounds "7"]
[EventType "team-swiss"]
[EventDate "2016.12.27"]

1. Nf3 Nc6 2. d4 d5 3. c4 Nf6 4. e3 Bf5 5. b3 e6 6. Nc3 Bb4 7. Bd2 O-O 8. Ne2
Ne4 9. Ng3 Bg6 10. Be2 b6 11. O-O Qd6 12. a3 Nc3 13. Bxc3 Bxc3 14. Ra2 e5 15.
dxe5 Bxe5 16. cxd5 Ne7 17. e4 c6 18. dxc6 Qxd1 19. Rxd1 Nxc6 20. Nxe5 Nxe5 21.
b4 h6 22. Rad2 Nc6 23. Rc2 Ne5 24. Rdc1 Rfe8 25. Ba6 Kh7 26. Bb7 Rab8 27. Rc7
f6 28. Bd5 Rf8 29. Rxa7 f5 30. exf5 Bxf5 31. Nxf5 Rxf5 32. Be4 1-0

[Event "DVM U10 2016"]
[Site "Magdeburg GER"]
[Date "2016.12.29"]
[Round "7"]
[White "Nguyen, Duc Minh"]
[Black "Oehme, Adrian"]
[Result "0-1"]
[Termination "normal"]
[Board "7.3"]
[WhiteElo "851"]
[BlackElo "1200"]
[WhiteTeam "Schachpinguine Berlin"]
[BlackTeam "SK König Plauen"]
[PlyCount "66"]
[EventCountry "GER"]
[EventRounds "7"]
[EventType "team-swiss"]
[EventDate "2016.12.27"]

1. e4 c5 2. Nf3 Nc6 3. Bb5 d6 4. d3 Nf6 5. Be3 e6 6. Nc3 Be7 7. Bxc6+ bxc6 8.
O-O O-O 9. a3 a5 10. Ne2 d5 11. e5 Ng4 12. c3 Qc7 13. b4 axb4 14. cxb4 cxb4 15.
axb4 Rxa1 16. Qxa1 Bxb4 17. Qa4 Nxe3 18. fxe3 Be7 19. Nfd4 Re8 20. Qxc6 Qxc6
21. Nxc6 Bg5 22. e4 dxe4 23. dxe4 Bb7 24. Na5 Bxe4 25. Nc3 Bf5 26. Nc4 Rc8 27.
Ra1 h6 28. Nd6 Rxc3 29. Ra8+ Kh7 30. Nxf5 exf5 31. Ra1 Bc1 32. Rxc1 Rxc1+ 33.
Kf2 f4 0-1

[Event "DVM U10 2016"]
[Site "Magdeburg GER"]
[Date "2016.12.29"]
[Round "7"]
[White "Deiters, Clemenz"]
[Black "Hoffmann, Lucas"]
[Result "1/2-1/2"]
[Termination "normal"]
[Board "7.4"]
[WhiteElo "1091"]
[BlackElo "853"]
[WhiteTeam "SK König Plauen"]
[BlackTeam "Schachpinguine Berlin"]
[PlyCount "92"]
[WhiteFideId "16240243"]
[EventCountry "GER"]
[EventRounds "7"]
[EventType "team-swiss"]
[EventDate "2016.12.27"]

1. e4 e5 2. Nf3 Nc6 3. Bc4 Bc5 4. d3 Nf6 5. O-O O-O 6. c3 d6 7. h3 Be6 8. b3
Qd7 9. Bg5 Nh5 10. d4 exd4 11. cxd4 Bxc4 12. bxc4 Bb4 13. Nbd2 Bc3 14. Nb3 Bxa1
15. Qxa1 Rae8 16. Re1 Nb4 17. c5 Nc2 18. Qc1 Nxe1 19. Qxe1 d5 20. e5 f6 21. Bd2
b6 22. cxb6 axb6 23. Bc3 Nf4 24. Kh2 Rf7 25. Qe3 Qf5 26. g4 Qc2 27. Qd2 Qxd2
28. Nbxd2 Nd3 29. Kg3 c5 30. exf6 gxf6 31. Nb3 c4 32. Nbd2 f5 33. Ne5 Nxe5 34.
dxe5 f4+ 35. Kf3 d4 36. Bxd4 Rd8 37. Ke4 Ra8 38. Nxc4 b5 39. Nd6 Re7 40. Nxb5
Rxa2 41. f3 Re2+ 42. Kxf4 Re1 43. Nd6 Kg7 44. Nf5+ Kf7 45. Nxe7 Kxe7 46. Bc3
Rh1 1/2-1/2

[Event "DVM U10 2016"]
[Site "Magdeburg GER"]
[Date "2016.12.29"]
[Round "7"]
[White "Hänselmann, Hendrik"]
[Black "Hommer, Jeremy"]
[Result "0-1"]
[Termination "normal"]
[Board "8.1"]
[WhiteElo "1329"]
[BlackElo "1811"]
[WhiteTeam "Karlsruher SF"]
[BlackTeam "SC Turm Lüneburg"]
[PlyCount "90"]
[WhiteFideId "16232755"]
[BlackFideId "12992577"]
[EventCountry "GER"]
[EventRounds "7"]
[EventType "team-swiss"]
[EventDate "2016.12.27"]

1. e4 c6 2. d4 d5 3. Nc3 dxe4 4. Nxe4 Nf6 5. Nxf6+ exf6 6. Bc4 Bd6 7. Nf3 O-O
8. O-O Bg4 9. Be3 Qc7 10. h3 Bh5 11. Re1 Nd7 12. Be2 Rad8 13. Qd2 c5 14. dxc5
Nxc5 15. Bxc5 Bh2+ 16. Nxh2 Rxd2 17. Bxf8 Rxe2 18. Rxe2 Bxe2 19. Ba3 Qxc2 20.
Re1 h5 21. Nf1 Bxf1 22. Rxf1 Qc4 23. Ra1 b5 24. b3 Qc3 25. Rd1 Qa5 26. Be7 Qc3
27. b4 Kh7 28. Bc5 a5 29. bxa5 Qxa5 30. Rb1 Qa4 31. Bb4 Qxa2 32. Re1 Qb2 33.
Be7 b4 34. Bc5 Qc3 35. Bxb4 Qxb4 36. Re3 f5 37. Rf3 Kg6 38. Rg3+ Kf6 39. Kh2 g5
40. Rf3 Kg6 41. Rg3 Qe1 42. f4 g4 43. hxg4 fxg4 44. f5+ Kxf5 45. Ra3 Qe5+ 0-1

[Event "DVM U10 2016"]
[Site "Magdeburg GER"]
[Date "2016.12.29"]
[Round "7"]
[White "Bildat, Emilia"]
[Black "Kiefhaber, Tobias"]
[Result "1-0"]
[Termination "normal"]
[Board "8.2"]
[WhiteElo "1294"]
[BlackElo "1130"]
[WhiteTeam "SC Turm Lüneburg"]
[BlackTeam "Karlsruher SF"]
[PlyCount "81"]
[WhiteFideId "16218140"]
[BlackFideId "16240693"]
[EventCountry "GER"]
[EventRounds "7"]
[EventType "team-swiss"]
[EventDate "2016.12.27"]

1. d4 d5 2. Bf4 Nc6 3. e3 Nf6 4. Nf3 Bg4 5. Nbd2 e6 6. h3 Bh5 7. Be2 Bd6 8. Ne5
Bxe2 9. Qxe2 O-O 10. O-O-O Re8 11. g4 Bxe5 12. dxe5 Nd7 13. Nf3 f6 14. exf6
Nxf6 15. g5 Nh5 16. Bh2 h6 17. gxh6 gxh6 18. Ne5 Nf6 19. Rhg1+ Kf8 20. Ng6+ Kf7
21. e4 Rg8 22. Ne5+ Ke7 23. exd5 Nxd5 24. c4 Rxg1 25. Bxg1 Nf4 26. Ng6+ Nxg6
27. Rxd8 Rxd8 28. Qh5 Nf4 29. Qh4+ Ke8 30. Qxf4 Nd4 31. Qe3 Ke7 32. Bh2 Rd7 33.
Qxh6 Ne2+ 34. Kc2 Nd4+ 35. Kc3 Ne2+ 36. Kb4 a5+ 37. Kxa5 b6+ 38. Ka6 b5 39.
Qg5+ Kf7 40. Qh5+ Kg7 41. Qxe2 1-0

[Event "DVM U10 2016"]
[Site "Magdeburg GER"]
[Date "2016.12.29"]
[Round "7"]
[White "Schulz, Hannah"]
[Black "Strzoda, Christian"]
[Result "1-0"]
[Termination "normal"]
[Board "8.3"]
[WhiteElo "1045"]
[BlackElo "849"]
[WhiteTeam "Karlsruher SF"]
[BlackTeam "SC Turm Lüneburg"]
[PlyCount "83"]
[WhiteFideId "16244745"]
[BlackFideId "16218450"]
[EventCountry "GER"]
[EventRounds "7"]
[EventType "team-swiss"]
[EventDate "2016.12.27"]

1. e4 e5 2. Nf3 Nc6 3. Bc4 Bc5 4. d3 d6 5. Nc3 Nf6 6. Bg5 O-O 7. Nd5 Be6 8.
Nxf6+ gxf6 9. Bh6 Re8 10. O-O Kh8 11. Nh4 Re7 12. Nf5 Bxf5 13. exf5 a6 14. Qh5
d5 15. Bb3 b5 16. c4 d4 17. cxb5 Nb4 18. bxa6 Nd5 19. Qg4 Qg8 20. Qxg8+ Kxg8
21. Bxd5 Rxa6 22. Rfc1 Ra5 23. Bb3 e4 24. Bd2 Rb5 25. Ba4 Rxb2 26. dxe4 Ba3 27.
Ba5 Rxe4 28. Rxc7 Bb4 29. Bxb4 Rxb4 30. Bc2 Re5 31. Bb3 Ra5 32. Bxf7+ Kf8 33.
Be6 Rab5 34. Rcc1 d3 35. Rd1 Rd4 36. a4 Rc5 37. a5 Rd6 38. a6 d2 39. a7 Rd8 40.
Rxd2 Rxd2 41. a8=Q+ Kg7 42. Qg8+ 1-0

[Event "DVM U10 2016"]
[Site "Magdeburg GER"]
[Date "2016.12.29"]
[Round "7"]
[White "Helms, Finn"]
[Black "Eichhorn, Valentin"]
[Result "1-0"]
[Termination "normal"]
[Board "8.4"]
[WhiteElo "913"]
[BlackElo "989"]
[WhiteTeam "SC Turm Lüneburg"]
[BlackTeam "Karlsruher SF"]
[PlyCount "65"]
[WhiteFideId "16249143"]
[BlackFideId "16239032"]
[EventCountry "GER"]
[EventRounds "7"]
[EventType "team-swiss"]
[EventDate "2016.12.27"]

1. d4 e6 2. Bf4 c5 3. e3 a6 4. Bd3 b5 5. c3 Nc6 6. Nf3 Bb7 7. O-O Nf6 8. Nbd2
Be7 9. dxc5 Bxc5 10. Qe2 Qe7 11. Bc2 Bd6 12. Bxd6 Qxd6 13. Rad1 Qc7 14. Rfe1
Ke7 15. c4 Na5 16. b3 Rac8 17. Bd3 Ng4 18. g3 Nf6 19. cxb5 axb5 20. Bxb5 Qb8
21. Bd3 Ba8 22. Ba6 Bb7 23. Bb5 Qa8 24. Bd3 Ne4 25. Bb5 Nc3 26. Qd3 Nxd1 27.
Qxd7+ Kf8 28. Rxd1 Bxf3 29. Nxf3 h6 30. Ne5 Qb7 31. Qd6+ Qe7 32. Nd7+ Ke8 33.
Nb6+ 1-0

[Event "DVM U10 2016"]
[Site "Magdeburg GER"]
[Date "2016.12.29"]
[Round "7"]
[White "Wiedersich, Hendryk"]
[Black "Korr, Sören"]
[Result "1-0"]
[Termination "normal"]
[Board "9.1"]
[WhiteElo "1374"]
[BlackElo "996"]
[WhiteTeam "SV Dresden-Leuben"]
[BlackTeam "DJK Arminia Eilendorf"]
[PlyCount "45"]
[WhiteFideId "16255399"]
[BlackFideId "16275241"]
[EventCountry "GER"]
[EventRounds "7"]
[EventType "team-swiss"]
[EventDate "2016.12.27"]

1. d4 d5 2. Nc3 Nf6 3. Bg5 Bf5 4. Nf3 e6 5. e3 Bb4 6. a3 Ba5 7. Bd3 Be4 8. b4
Bb6 9. Bxf6 Qxf6 10. Nxe4 dxe4 11. Bxe4 Nc6 12. Bxc6+ bxc6 13. Ne5 O-O 14. O-O
Qh4 15. Qf3 Rfd8 16. c4 a6 17. Nxc6 Rd7 18. Ne7+ Qxe7 19. Qxa8+ Rd8 20. Qxa6
Rb8 21. c5 Qd7 22. cxb6 Rxb6 23. Qa8+ 1-0

[Event "DVM U10 2016"]
[Site "Magdeburg GER"]
[Date "2016.12.29"]
[Round "7"]
[White "Hentschel, Lena"]
[Black "Debets, Mario"]
[Result "1/2-1/2"]
[Termination "normal"]
[Board "9.3"]
[WhiteElo "1027"]
[BlackElo "1026"]
[WhiteTeam "SV Dresden-Leuben"]
[BlackTeam "DJK Arminia Eilendorf"]
[PlyCount "54"]
[WhiteFideId "16240324"]
[BlackFideId "16275250"]
[EventCountry "GER"]
[EventRounds "7"]
[EventType "team-swiss"]
[EventDate "2016.12.27"]

1. e4 e5 2. Nf3 Nc6 3. Bc4 Nf6 4. d3 h6 5. Be3 Be7 6. h3 d6 7. Nc3 Be6 8. Bb3
O-O 9. O-O d5 10. exd5 Bxd5 11. Nxd5 Nxd5 12. Bxd5 Qxd5 13. c4 Qe6 14. Qc2 Nb4
15. Qb1 Rad8 16. Rd1 Qf5 17. d4 Qe6 18. a3 Na6 19. Qc2 c5 20. d5 Qd7 21. Nxe5
Qc7 22. Nf3 Nb8 23. Rd2 Nd7 24. Re1 Ne5 25. Qe4 Bd6 26. Nxe5 Bxe5 27. Qg4 Rfe8
1/2-1/2

[Event "DVM U10 2016"]
[Site "Magdeburg GER"]
[Date "2016.12.29"]
[Round "7"]
[White "Sassenscheidt, Julius"]
[Black "Potapov, Maxim"]
[Result "1/2-1/2"]
[Termination "normal"]
[Board "9.4"]
[WhiteElo "787"]
[BlackElo "1007"]
[WhiteTeam "DJK Arminia Eilendorf"]
[BlackTeam "SV Dresden-Leuben"]
[PlyCount "81"]
[WhiteFideId "16258509"]
[BlackFideId "16255402"]
[EventCountry "GER"]
[EventRounds "7"]
[EventType "team-swiss"]
[EventDate "2016.12.27"]

1. c4 c5 2. Nc3 Nf6 3. Nf3 g6 4. d4 e6 5. g3 d6 6. Bg2 Bg7 7. Bg5 h6 8. Bxf6
Qxf6 9. e3 Nc6 10. O-O cxd4 11. exd4 Nxd4 12. Nxd4 Qxd4 13. Qxd4 Bxd4 14. Rac1
O-O 15. Rfd1 Be5 16. b3 Bxc3 17. Rxc3 Rb8 18. Rxd6 b6 19. c5 bxc5 20. Rxc5 Rb6
21. Rxb6 axb6 22. Rb5 Rd8 23. Rxb6 Kg7 24. a4 e5 25. a5 Rd1+ 26. Bf1 Ra1 27. a6
Bxa6 28. Rxa6 Rxa6 29. Bxa6 Kf8 30. Kf1 Ke7 31. b4 Kd6 32. Be2 Kc6 33. b5+ Kb6
34. Kg2 f5 35. Kf3 g5 36. g4 e4+ 37. Kg3 f4+ 38. Kh3 f3 39. Bf1 Kc5 40. Kg3 Kb6
41. h3 1/2-1/2

[Event "DVM U10 2016"]
[Site "Magdeburg GER"]
[Date "2016.12.29"]
[Round "7"]
[White "Werner, Rosalie"]
[Black "Kuppe, Eugen"]
[Result "1/2-1/2"]
[Termination "normal"]
[Board "10.1"]
[WhiteElo "1384"]
[BlackElo "1184"]
[WhiteTeam "VSG 1880 Offenbach"]
[BlackTeam "SV Roter Turm Halle 1"]
[PlyCount "72"]
[WhiteFideId "16223748"]
[EventCountry "GER"]
[EventRounds "7"]
[EventType "team-swiss"]
[EventDate "2016.12.27"]

1. e4 c5 2. Nf3 Nc6 3. d4 cxd4 4. Nxd4 d6 5. Nc3 g6 6. Be3 Bg7 7. Ndb5 a6 8.
Na3 Nf6 9. Be2 O-O 10. O-O Be6 11. f4 Rb8 12. Nc4 b5 13. Nd2 b4 14. Ncb1 Ng4
15. Bxg4 Bxg4 16. Qxg4 Bxb2 17. Nb3 a5 18. a4 Bxa1 19. Nxa1 Qc8 20. f5 Ne5 21.
Qe2 Qc4 22. Qxc4 Nxc4 23. Bg5 f6 24. Bh4 Rbc8 25. Bf2 Nb2 26. Rc1 Nxa4 27. Nb3
Ra8 28. Nd4 Rfc8 29. Nd2 Nc3 30. Kf1 a4 31. Be3 a3 32. N4b3 Nb5 33. Ke2 Kf7 34.
Kd3 a2 35. Bd4 Ra6 36. Ba1 Rac6 1/2-1/2

[Event "DVM U10 2016"]
[Site "Magdeburg GER"]
[Date "2016.12.29"]
[Round "7"]
[White "Pietsch, Johann"]
[Black "Hentschker, Josefin"]
[Result "0-1"]
[Termination "normal"]
[Board "10.2"]
[WhiteElo "1590"]
[BlackElo "957"]
[WhiteTeam "SV Roter Turm Halle 1"]
[BlackTeam "VSG 1880 Offenbach"]
[PlyCount "88"]
[WhiteFideId "12987000"]
[BlackFideId "16255810"]
[EventCountry "GER"]
[EventRounds "7"]
[EventType "team-swiss"]
[EventDate "2016.12.27"]

1. e4 e5 2. Nf3 Nc6 3. Bc4 Bc5 4. Nc3 Nf6 5. d3 h6 6. Be3 Bb6 7. Qd2 d6 8.
O-O-O Be6 9. Bb3 Bxb3 10. cxb3 Nb4 11. Nh4 Rh7 12. g3 Ba5 13. Kb1 Nc6 14. f4
Qe7 15. Nf5 Qd8 16. Qf2 g6 17. Nh4 Ng4 18. Qf3 Nf6 19. fxe5 dxe5 20. Rhf1 Nd7
21. Bxh6 Qe7 22. Nd5 Qe6 23. Bd2 Bb6 24. Be3 Ba5 25. Rd2 O-O-O 26. Rc2 Bb6 27.
Bxb6 axb6 28. Rfc1 Qd6 29. Qf2 Kb8 30. Nf3 Nf8 31. Nd2 Ne6 32. Nc4 Qd7 33. Nf6
Qxd3 34. Nxh7 Nb4 35. Nf6 Nxc2 36. Qxc2 Qf3 37. Nd5 c6 38. Ndxb6 Nd4 39. Qd2
Qxe4+ 40. Ka1 Nc2+ 41. Qxc2 Qxc2 42. Rb1 Rd1 43. Na3 Rxb1+ 44. Nxb1 e4 0-1

[Event "DVM U10 2016"]
[Site "Magdeburg GER"]
[Date "2016.12.29"]
[Round "7"]
[White "Dixon, Laura Michaela"]
[Black "Adelmeyer, Nelly"]
[Result "1-0"]
[Termination "normal"]
[Board "10.3"]
[WhiteElo "906"]
[BlackElo "1144"]
[WhiteTeam "VSG 1880 Offenbach"]
[BlackTeam "SV Roter Turm Halle 1"]
[PlyCount "51"]
[WhiteFideId "16248708"]
[BlackFideId "16203577"]
[EventCountry "GER"]
[EventRounds "7"]
[EventType "team-swiss"]
[EventDate "2016.12.27"]

1. e4 e5 2. Nf3 Nc6 3. Bc4 Be7 4. Nc3 Nf6 5. d4 exd4 6. Nxd4 Bc5 7. Be3 Qe7 8.
O-O Nxe4 9. Nxc6 dxc6 10. Nxe4 Bxe3 11. fxe3 O-O 12. Bd3 Qe6 13. Qe2 Qh6 14.
Rad1 Qh4 15. Qf2 Qg4 16. Qf3 Qxf3 17. gxf3 Bh3 18. Rf2 Rfe8 19. Rfd2 h6 20. Kf2
Rad8 21. Nc5 b6 22. Ne4 Rd7 23. Ba6 Rxd2+ 24. Rxd2 b5 25. Bb7 Re6 26. Bc8 1-0

[Event "DVM U10 2016"]
[Site "Magdeburg GER"]
[Date "2016.12.29"]
[Round "7"]
[White "Kageler, Anton Paul"]
[Black "Scheel, Benjamin"]
[Result "1-0"]
[Termination "normal"]
[Board "10.4"]
[WhiteElo "911"]
[BlackElo "600"]
[WhiteTeam "SV Roter Turm Halle 1"]
[BlackTeam "VSG 1880 Offenbach"]
[PlyCount "60"]
[WhiteFideId "16244850"]
[EventCountry "GER"]
[EventRounds "7"]
[EventType "team-swiss"]
[EventDate "2016.12.27"]

1. d4 d5 2. c4 Nf6 3. Nf3 Bf5 4. Nc3 e6 5. Bg5 c6 6. e3 h6 7. Bxf6 Qxf6 8. Be2
Be7 9. O-O Nd7 10. Qd2 O-O 11. c5 b6 12. cxb6 axb6 13. Rac1 Rfc8 14. Bd3 Bxd3
15. Qxd3 b5 16. Ne2 Bd6 17. Rc2 Rc7 18. e4 e5 19. dxe5 Nxe5 20. Nxe5 Qxe5 21.
g3 Qxe4 22. Qd4 Qe6 23. Rfc1 Rac8 24. Qb6 Qd7 25. Nd4 Rb7 26. Qa5 Bc7 27. Qb4
Bd6 28. Qb3 c5 29. Ne2 c4 30. Qe3 Bc5 {nicht mehr nachvollziehbar} 1-0